| Tag |
First Indicator |
Second Indicator |
Subfields |
| LEADER |
00000pam a2200000 a 4500 |
| 001 |
in00000091493 |
| 005 |
20151008063959.0 |
| 008 |
800110s1980 cau b 00000 engm |
| 010 |
|
|
|a 79027881
|
| 020 |
|
|
|a 0803911904
|
| 020 |
|
|
|a 0803911912 (pbk.)
|
| 035 |
|
|
|a (OCoLC)05942425
|
| 035 |
|
|
|9 AAK3299AM
|
| 040 |
|
|
|a DLC
|c DLC
|d m.c.
|d TXA
|d UtOrBLW
|
| 043 |
|
|
|a n-us---
|
| 049 |
|
|
|a TXAM
|c [1463539]
|
| 050 |
0 |
0 |
|a HT108
|b .U7 vol. 18
|a HT175
|
| 082 |
0 |
|
|a 307.7/6 s
|a 307.7/6/0973
|
| 245 |
0 |
0 |
|a Urban revitalization /
|c edited by Donald B. Rosenthal.
|
| 264 |
|
1 |
|a Beverly Hills, Calif. :
|b Sage Publications,
|c [1980]
|
| 264 |
|
4 |
|c ©1980
|
| 300 |
|
|
|a 308 pages ;
|c 23 cm.
|
| 336 |
|
|
|a text
|b txt
|2 rdacontent
|
| 337 |
|
|
|a unmediated
|b n
|2 rdamedia
|
| 338 |
|
|
|a volume
|b nc
|2 rdacarrier
|
| 490 |
1 |
|
|a Urban affairs annual reviews ;
|v v. 18
|
| 504 |
|
|
|a Includes bibliographies.
|
| 650 |
|
0 |
|a Urban renewal
|z United States.
|
| 650 |
|
0 |
|a Urban policy
|z United States.
|
| 700 |
1 |
|
|a Rosenthal, Donald B.,
|d 1937-
|
| 830 |
|
0 |
|a Urban affairs annual reviews ;
|v v. 18.
|
| 999 |
|
|
|a MARS
|
| 999 |
f |
f |
|s 07f97b26-fc76-3160-8c44-df25885ece48
|i 6d82d11e-2751-322b-abd4-1e727bbac9eb
|t 0
|
| 952 |
f |
f |
|p ric
|a Texas A&M University
|b Rellis Campus
|c Joint Library Facility
|d Remote Storage
|t 0
|e HT108 .U7 v.18
|h Library of Congress classification
|i unmediated -- volume
|m A14806144100
|
| 998 |
f |
f |
|a HT108 .U7 v.18
|t 0
|l Remote Storage
|